01411cam a2200433M 4500003000900000005001700009008004100026020001500067020001800082035002700100040003300127082002000160100001500180245012900195264006000324300003900384336002100423337002500444338002300469490001800492504003400510505015100544526001000695526001000705526001000715526001000725526000800735526000800743526000800751526000800759526000800767526000800775526000800783650004000791650004300831650004000874700003000914700003300944PE-LiUPU20250731172940.0960611s1996 xxu 000 0 eng d a0310212766 a9780310212768 a(Sirsi) i9780310212768 aPE-LiUPUbspacPE-LiUPUerda04a261.2bH51220.1 aHick, John00aFour views on salvation in a pluralistic world /cJohn Hick ... ; Dennis L. Okholm, Timothy R. Phillips, editores generales. aGrand Rapids, Michigan. :bZondervan Pub. House,c1996. a283 páginas. ;c21 cetímetros. atext2rdacontent aunmediated2rdamedia avolume2rdacarrier0 aCounterpoints aÍndices : páginas 273-283 aA pluralist view -- An inclusivist view -- A particularist view: A post-enlightenment approach -- A particularist view: An evidentialist approach. aSEG42 aSEG41 aSEG40 aSEG39 aP94 aP87 aP86 aP85 aP77 aP76 aP35 0aEl cristianismo y otras religiones. 0aEl pluralismo religiosoxCristianismo. 0aLa salvación fuera de la iglesia.1 aOkholm, Dennis L.eeditor1 aPhillips, Timothy R.eeditor